000
00296nam a22001337a 4500
008
180912b xxu||||| |||| 00| 0 eng d
020
_a
0471023523
041
_a
eng
080
_a
574
100
_a
9
101
_a
MJE
245
_a
Agricultural Experimentation
_c
Little, Th.M
942
_2
udc
_c
BK
999
_c
47706
_d
47706